banner koha

Dispersão do pólen em soja transgênica na região do Cerrado (Registro n. 177939)

MARC details
000 -LÍDER
campo de controle de tamanho fixo 00933nas a2200325 4500
001 - NÚMERO DE CONTROLE
campo de controle BR0401093
003 - IDENTIFICADOR DO NÚMERO DE CONTROLE
campo de controle BR-BrBNA
005 - DATA E HORÁRIO DA ÚLTIMA TRANSAÇÃO
campo de controle 20231205104409.0
007 - CAMPO FIXO DE DESCRIÇÃO FÍSICA--INFORMAÇÃO GERAL
campo de controle de tamanho fixo ta
008 - CAMPO DE DADOS FIXOS--INFORMAÇÃO GERAL
campo de controle de tamanho fixo 230509b bl.|||p| |||| 00| 00por d
040 ## - FONTE DA CATALOGAÇÃO
Instituição da catalogação original BR-BrBNA
Idioma da catalogação por
Instituição que transcreveu o registro Biblioteca Nacional de Agricultura
041 ## - CÓDIGO DE IDIOMA
Código do idioma do texto/trilha sonora ou título diferente (Pt)
072 ## - CÓDIGO DE CATEGORIA DE ASSUNTO
Código de Categoria de Assunto F63; F30
100 1# - ENTRADA PRINCIPAL--NOME PESSOAL
Nome pessoal Abud, S.
100 1# - ENTRADA PRINCIPAL--NOME PESSOAL
Nome pessoal Souza, P.I.M. de
100 1# - ENTRADA PRINCIPAL--NOME PESSOAL
Nome pessoal Moreira, C.T.
100 1# - ENTRADA PRINCIPAL--NOME PESSOAL
Nome pessoal Andrade, S.R.M.
100 1# - ENTRADA PRINCIPAL--NOME PESSOAL
Nome pessoal Ulbrich, A.V.
100 1# - ENTRADA PRINCIPAL--NOME PESSOAL
Nome pessoal Vianna, G.R.
100 1# - ENTRADA PRINCIPAL--NOME PESSOAL
Nome pessoal Rech, E.L.
100 1# - ENTRADA PRINCIPAL--NOME PESSOAL
Nome pessoal Aragão, F.J.L.
245 1# - TÍTULO
Título Dispersão do pólen em soja transgênica na região do Cerrado
650 ## - ASSUNTO--TERMO TÓPICO
Cabeçalho tópico ou nome geográfico SOJA
650 ## - ASSUNTO--TERMO TÓPICO
Cabeçalho tópico ou nome geográfico PLANTA TRANSGÊNICA
650 ## - ASSUNTO--TERMO TÓPICO
Cabeçalho tópico ou nome geográfico POLINIZAÇÃO
650 ## - ASSUNTO--TERMO TÓPICO
Cabeçalho tópico ou nome geográfico CERRADO
773 0# - ENTRADA ANALÍTICA
Título Pesquisa Agropecuária Brasileira (Brazil)
ISSN - International Standard Serial Number ISSN 0101-204X
Partes relacionadas (Oct 2003), v. 38(10) p. 1129-1235
Número de controle do registro BR0401093
909 ## -
-- 202311
-- Lúcia
-- 55
-- Lúcia Elande
942 ## - ELEMENTOS DE ENTRADA ADICIONADOS (KOHA)
Fonte da classificação ou esquema de arquivamento na estante Classificação AGRIS
Ocultar no OPAC Não
Tipo de material Koha Analítica
Exemplares
Situação do descarte Fonte da classificação ou esquema de arquivamento na estante Situação física Não pode ser emprestado Biblioteca de origem Biblioteca atual Localização na estante Enumeração do periódico / cronologia Total de empréstimos Data de último acesso Número do exemplar Tipo de material Koha Fonte de aquisição
  Classificação AGRIS   Consulta local Biblioteca Nacional de Agricultura - Binagri Biblioteca Nacional de Agricultura - Binagri   (Oct 2003), v. 38(10) p. 1129-1235   29/11/2023 01 Periódicos Portaria Interministerial nº 164/94

BINAGRI

Telefone: (61)3218-2567/2388/3357/2097 - binagri@agro.gov.br

Ministério da Agricultura e Pecuária , Esplanada dos Ministérios, Bloco D, Anexo B, Brasília/DF, CEP: 70.043-900